000
00278nam a2200097Ia 4500
005
20250424112903.0
008
250424s9999 xx 000 0 und d
300
_a
ix, 146 p. 23 cm.
650
_a
Appraising the jurisdiction of the customary court of appeal in Nigeria
942
_c
SR
999
_c
37707
_d
37707